| 000 | 00758nam a2200193Ia 4500 | ||
|---|---|---|---|
| 008 | 151121s9999||||xx |||||||||||||| ||und|| | ||
| 082 | _a294/भावे | ||
| 082 | _bHNW-44194 | ||
| 100 | _aभावे ह।अ।-अनु। (भागवत) | ||
| 245 | _aकथासरित्सागर खंड-3 | ||
| 260 | _b"वरदा बुक्स सेनापती बापट मार्ग , पुणे" | ||
| 260 | _c-- | ||
| 300 | _a373 | ||
| 600 | _aभावे ह।अ।-अनु। (भागवत) | ||
| 630 | _aकथासरित्सागर खंड-3 | ||
| 700 | _aभावे ह।अ।-अनु। (भागवत) | ||
| 730 | _aकथासरित्सागर खंड-3 | ||
| 942 | _cBOOK | ||
| 999 |
_c1231960 _d1231957 |
||